000 01280 a2200277 4500
001 6409
005 20260407155436.0
008 260407a2005 arg spa d
003 AR-UNSa-BCEJYS
040 _aAR-UNSa-BCEJYS
_bspa
_cAR-UNSa-BCEJYS
080 _a330.43
_xEconometría
245 1 0 _aProgresos en econometría
020 _a950-9445-15-0
264 1 _aBuenos Aires :
_bAsociación Argentina de Economía Política
_c2005
300 _avii, 138 p.
_c22 cm.
505 _a1. Introducción / Mariana Marchionni - 2. Reflexiones sobre el estado actual de la metodología de la econometría / Alfredo Martín Navarro - 3. Pronóstico con modelos econométricos / Hildegart Ahumada - 4. Construcción de índices compuestos mensuales coincidente y líder de Argentina / Juan Mario Jorrat - 5. Perspectivas y avances recuentes en regresión por cuantiles / Walter Sosa Escudero.
041 _aspa
942 _cBK
590 _aniveau_biblio:m niveau_hierar:0
100 1 _aAhumada, Hildegart
700 1 _aMarchionni, Mariana
700 1 _aJorrat, Juan Mario
700 1 _aNavarro, Alfredo Martín
700 1 _aSosa Escudero, Walter
856 4 1 _uhttps://biblioeco.unsa.edu.ar/pmb/images/libros/Progresos en Econometr?a-l118548.jpg
_yImagen de portada
_qimage/jpeg
999 _c445
_d445